Catalog

Record Details

Catalog Search



Available copies

  • 0 of 1 copy available at LARL/NWRL Consortium.
  • 0 of 1 copy available at Lake Agassiz Regional Library. (Show preferred library)

Current holds

0 current holds with 1 total copy.

Show Only Available Copies
Location Call Number / Copy Notes Barcode Shelving Location Status Due Date
Fosston Public Library E 598.147 PET (Text) 33500013588579 Main Checked out 06/17/2026

Record details

  • ISBN: 9781728424484
  • ISBN: 1728424488
  • ISBN: 9781728431116
  • ISBN: 1728431115
  • Physical Description: 32 pages : color illustrations ; 21 x 26 cm
  • Publisher: Minneapolis : Lerner Publications, [2022]

Content descriptions

Bibliography, etc. Note:
Includes bibliographical references and index.
Summary, etc.:
"From little green hummingbirds to big brown ... Read More
Target Audience Note:
Ages 4-9 Lerner Publications.
Grades K-1 Lerner Publications.
Subject: Birds > Juvenile literature.
Colors > Juvenile literature.
Birds.
Colors.
Genre: Juvenile works.
LDR 01823cam a2200457 i 4500
001390686
003LARL_NWRL_CONSORTIUM
00520220502204656.0
008201019s2022 mnua j b 001 0 eng
010 . ‡a 2020047484
040 . ‡aDLC ‡beng ‡erda ‡cDLC ‡dOCLCO ‡dHBP ‡dOCLCO ‡dOCLCF
020 . ‡a9781728424484 ‡q(library binding)
020 . ‡a1728424488
020 . ‡a9781728431116 ‡q(paperback)
020 . ‡a1728431115
020 . ‡z9781728430386 ‡q(ebook)
035 . ‡a(OCoLC)1201694199
042 . ‡apcc
08200. ‡a598.147 ‡223
1001 . ‡aPeterson, Christy, ‡eauthor.
24510. ‡aCrayola bird colors / ‡cChristy Peterson.
264 1. ‡aMinneapolis : ‡bLerner Publications, ‡c[2022]
300 . ‡a32 pages : ‡bcolor illustrations ; ‡c21 x 26 cm
336 . ‡atext ‡btxt ‡2rdacontent
337 . ‡aunmediated ‡bn ‡2rdamedia
338 . ‡avolume ‡bnc ‡2rdacarrier
4900 . ‡aCrayola creature colors
504 . ‡aIncludes bibliographical references and index.
520 . ‡a"From little green hummingbirds to big brown ostriches, explore the colors of birds! Readers will be amazed by the beauty and variety of these fascinating feathered animals"-- ‡cProvided by publisher.
521 . ‡aAges 4-9 ‡bLerner Publications.
521 . ‡aGrades K-1 ‡bLerner Publications.
650 0. ‡aBirds ‡vJuvenile literature. ‡0(LARL_NWRL_CONSORTIUM)163669
650 0. ‡aColors ‡vJuvenile literature. ‡0(LARL_NWRL_CONSORTIUM)164409
650 7. ‡aBirds. ‡2fast ‡0(LARL_NWRL_CONSORTIUM)15036
650 7. ‡aColors. ‡2fast ‡0(LARL_NWRL_CONSORTIUM)17206
655 7. ‡aJuvenile works. ‡2fast
77608. ‡iOnline version: ‡aPeterson, Christy, 1972- ‡tCrayola ® bird colors ‡dMinneapolis : Lerner Publications , 2021. ‡z9781728430386 ‡w(DLC) 2020047485
901 . ‡a390686 ‡b ‡c390686 ‡tbiblio

Additional Resources